01551nam a2200373 a 4500001001200000003000800012006001900020007001500039008004100054010001700095016001900112020004200131020003900173040002100212035002100233043001200254050002500266082001700291100002100308245017200329260003800501300003200539490005500571504005100626533015200677650004000829650002900869651004600898655002900944710001700973830004400990856012601034999001701160ebr10349117CaPaEBRm u cr cn|||||||||090416s2009 ne ab sb 001 0 eng  z 20090121847 z201744282bccb z9789004175914 (hardback : alk. paper) z9004175911 (hardback : alk. paper) aCaPaEBRcCaPaEBR a(OCoLC)573925524 acl-----14aHC130.I5bF73 2009eb04a339.20982221 aFrankema, Ewout.10aHas Latin America always been unequal?h[electronic resource] :ba comparative study of asset and income inequality in the long twentieth century /cby Ewout Frankema. aLeiden ;aBoston :bBrill,c2009. axviii, 290 p. :bill., map.1 aGlobal economic history series,x1872-5155 ;vv. 3 aIncludes bibliographical references and index. aElectronic reproduction.bPalo Alto, Calif. :cebrary,d2013.nAvailable via World Wide Web.nAccess may be limited to ebrary affiliated libraries. 0aIncome distributionzLatin America. 0aEqualityzLatin America. 0aLatin AmericaxEconomic conditionsy1982- 7aElectronic books.2local2 aebrary, Inc. 0aGlobal economic history series ;vv. 3.40uhttp://site.ebrary.com/lib/rucke/Doc?id=10349117zAn electronic book accessible through the World Wide Web; click to view c42238d42238